000
00230 a2200109 4500
020
_a
9780763633011
041
_a
eng
100
_a
Liz Kessler
245
_a
Emily Windsnop and the monster fromthe deep
942
_c
BK
952
_7
1
999
_c
18680
_d
18680